Southville International School and Colleges
Your cart is empty.
  • Cart
  • Lists
    Public lists Eva Luna New books Lux_list list_1
    Your lists Log in to create your own lists
  • Log in to your account
  • Your cookies
  • Search history
Southville International School and Colleges
  • Advanced search
  • Recent comments
  • Most popular
  • Libraries

Log in to your account

Log in with GOOGLE


If you do not have an external account, but do have a local account, you can still log in:

  1. Home
  2. MARC view: He hit me first :
Normal view MARC view ISBD view

He hit me first : (Record no. 104996)

[ view plain ]
MARC details
000 -LEADER
fixed length control field 00570nam a2200193 a 4500
005 - DATE AND TIME OF LATEST TRANSACTION
control field 20140412111334.0
008 - FIXED-LENGTH DATA ELEMENTS--GENERAL INFORMATION
fixed length control field 050411s19uu xx 00 eng d
020 ## - INTERNATIONAL STANDARD BOOK NUMBER
International Standard Book Number 0-934878-18-8
050 ## - LIBRARY OF CONGRESS CALL NUMBER
Classification number TR(GS) 649.143
Item number A473 1982
100 ## - MAIN ENTRY--PERSONAL NAME
Personal name Ames, Louise Bates
245 ## - TITLE STATEMENT
Title He hit me first :
Remainder of title when brothers and sisters fight /
Statement of responsibility, etc Louise Bates Ames.
260 ## - PUBLICATION, DISTRIBUTION, ETC. (IMPRINT)
Place of publication, distribution, etc New York :
Name of publisher, distributor, etc Dembner Books,
Date of publication, distribution, etc 1982.
300 ## - PHYSICAL DESCRIPTION
Extent 190 p.
500 ## - GENERAL NOTE
General note Includes Bibliography and index.
650 ## - SUBJECT ADDED ENTRY--TOPICAL TERM
Topical term or geographic name as entry element Sibling rivalry
650 ## - SUBJECT ADDED ENTRY--TOPICAL TERM
Topical term or geographic name as entry element Child psychology
650 ## - SUBJECT ADDED ENTRY--TOPICAL TERM
Topical term or geographic name as entry element Parenting
Holdings
Withdrawn status Lost status Damaged status Home library Current library Shelving location Date acquired Source of acquisition Total Checkouts Full call number Barcode Date last seen Price effective from Koha item type
      Elizalde Library Elizalde Library Teachers Reference Section 04/11/2005     TR(GS) 649.143 A473 1982 E9214 04/12/2014 04/12/2014 Books

He hit me first :

APA

Ames L. B., . (1982). He hit me first. New York: Dembner Books.

Chicago

Ames Louise Bates, . 1982. He hit me first. New York: Dembner Books.

Harvard

Ames L. B., . (1982). He hit me first. New York: Dembner Books.

MLA

Ames Louise Bates, . He hit me first. New York: Dembner Books. 1982.

  • Place hold
  • Print
  • Cite
  • Add to your cart (remove)
  • Save record
    BIBTEX Dublin Core MARCXML MARC (non-Unicode/MARC-8) MARC (Unicode/UTF-8) MARC (Unicode/UTF-8, Standard) MODS (XML) RIS
  • More searches
    Search for this title in:
    Other Libraries (WorldCat) Other Databases (Google Scholar) Online Stores (Bookfinder.com) Open Library (openlibrary.org)

Exporting to Dublin Core...

SOUTHVILLE LIBRARY

Southville International School and Colleges Library

1281 Tropical Ave. Cor. Luxembourg St., BF Homes International, Las Pinas City

Tel. No. 8256374 / 252358 Loc. 117/146

Powered by Koha